Statistics for Multiple Choice - Australia

Click here to take the quiz!

General Stats

  • This quiz has been taken 124 times
  • The average score is 8 of 10

Answer Stats

QuestionAnswer% Correct
What is the largest city in Australia?Sydney
96%
What is the capital of Australia?Canberra
94%
There are more than 10,000 beaches in Australia.True
93%
What side of the road do you drive on?Left
82%
Does Australia have a low, high or medium population density?Low
81%
Australia is the 6th largest country.True
81%
What Australian state has the cleanest air?Tasmania
79%
What city has the second largest Greek population?Melbourne
64%
You can't drink alcohol until your 17 in Australia.False
57%
Australia has no mountains over 7,000 feet high.False
45%

Score Distribution

Percentile by Number Answered

Percent of People with Each Score

Your Score History

You have not taken this quiz